000 00545nam a22001937a 4500
005 20260515114905.0
008 210817b ||||| |||| 00| 0 eng d
020 _a9780199489398
040 _aIN-DiNC
_cIN-DiNC
041 _deng
082 _a330.9540533
_bECO
245 _aEconomic survey 2017-18/
_cBy Government of India
250 _a1st ed.
_bV-2
260 _aNew Delhi:
_bOxford university press,
_c2018
300 _axi, 185+163 (A) p.
650 _aIndian economy
700 _aGovernment of India
_eContributor
942 _2ddc
_cBK
999 _c11173
_d11173